Four decades in parliament/ (Record no. 157735)
[ view plain ]
| 000 -LEADER | |
|---|---|
| fixed length control field | 00678nam a22002297a 4500 |
| 003 - CONTROL NUMBER IDENTIFIER | |
| control field | dpl |
| 005 - DATE AND TIME OF LATEST TRANSACTION | |
| control field | 20180927150110.0 |
| 008 - FIXED-LENGTH DATA ELEMENTS--GENERAL INFORMATION | |
| fixed length control field | 180927b ||||| |||| 00| 0 eng d |
| 010 ## - LIBRARY OF CONGRESS CONTROL NUMBER | |
| LC control number | A-943619 |
| 020 ## - INTERNATIONAL STANDARD BOOK NUMBER | |
| International Standard Book Number | 8185402698 |
| Terms of availability | 00.00 |
| 035 ## - SYSTEM CONTROL NUMBER | |
| System control number | A-943619 |
| 040 ## - CATALOGING SOURCE | |
| Original cataloging agency | DPL |
| Language of cataloging | EN |
| Transcribing agency | 0 |
| 082 ## - DEWEY DECIMAL CLASSIFICATION NUMBER | |
| Classification number | 080 |
| Item number | VAJ |
| 100 ## - MAIN ENTRY--PERSONAL NAME | |
| Personal name | Vajpayee, Atal Bihari |
| 245 ## - TITLE STATEMENT | |
| Title | Four decades in parliament/ |
| Statement of responsibility, etc | by Atal bihari vajpayee;edited by N.M. Ghatate |
| 260 ## - PUBLICATION, DISTRIBUTION, ETC. (IMPRINT) | |
| Place of publication, distribution, etc | Delhi |
| Name of publisher, distributor, etc | Shipra Publications |
| Date of publication, distribution, etc | 1996 |
| 270 ## - ADDRESS | |
| Address | 115 A, vikas marg, shakarpur |
| City | Delhi |
| Postal code | 110092 |
| 300 ## - PHYSICAL DESCRIPTION | |
| Extent | 759p. |
| Dimensions | 23cm (hb) |
| 500 ## - GENERAL NOTE | |
| General note | Include index |
| 700 ## - ADDED ENTRY--PERSONAL NAME | |
| Personal name | Ghatate, N.M. |
| 942 ## - ADDED ENTRY ELEMENTS (KOHA) | |
| Source of classification or shelving scheme | Dewey Decimal Classification |
| Koha item type | English Books |
| Classification part | 080 |
| Call number suffix | VAJ |
| Withdrawn status | Lost status | Source of classification or shelving scheme | Materials specified (bound volume or other part) | Damaged status | Not for loan | Collection code | Home library | Current library | Date acquired | Source of acquisition | Cost, normal purchase price | Total Checkouts | Full call number | Barcode | Date last seen | Cost, replacement price | Price effective from | Koha item type |
|---|---|---|---|---|---|---|---|---|---|---|---|---|---|---|---|---|---|---|
| Dewey Decimal Classification | v.1 | Non-fiction | Patel Nagar | Patel Nagar | 27/09/2018 | BPPD/PUB | 0.00 | 080 VAJ | A-943619 | 27/09/2018 | 0.00 | 27/09/2018 | English Books |
